| 000 | 00506nam a2200217Ia 4500 | ||
|---|---|---|---|
| 003 | OSt | ||
| 005 | 20220927112314.0 | ||
| 006 | a|||||r|||| 00| 0 | ||
| 007 | ta | ||
| 008 | 220926b |||||||| |||| 00| 0 eng d | ||
| 024 | _a152013 | ||
| 037 | _cReports | ||
| 040 |
_aRTL _cRTL _beng |
||
| 041 |
_2eng _aeng |
||
| 082 | _aX.687r | ||
| 110 |
_aKeneya _9383506 |
||
| 245 | 0 | _aColonical report Keneya 1952-55 | |
| 700 |
_aKeneya _9383507 |
||
| 942 |
_hX.687r _cCC |
||
| 999 |
_c700066 _d700066 |
||